000 00671nam a2200241Ia 4500
005 20260430150055.0
008 008 250103s9999 xx 000 0 eng d
037 _aTheses
040 _aCRL
040 _beng
040 _ceng
041 _2eng
041 _aeng
084 _qCRL
100 _aKaushik Deepak Au.; Dass Poonam Gu.
_91236375
245 0 _aApplicability of international trade law principles and commitments over e-commerce: critical analysis of a cros border trade
260 _c2021
300 _a379p.
650 _aLaw
700 _aUniversity of Delhi. Faculty of Law. Department of Law
942 _cTH
999 _c1848880
_d1848880